000 00318nam a22001337a 4500
999 _c167119
_d167119
082 _a
_b
100 _aMehta J L
245 _aAdvanced study in the history of medieval India mughal empire (v.2)/
_cby Mehta J L.
260 _a
_bSterling,
_c2010.
300 _a604p.
650 _a
700 _a
942 _cBK